000
00288nam a2200121 a 4500
008
101021s1984|||| d
100
1
_a
Korner, Vladimír
245
1
0
_a
Lekár umierajúceho času
260
_b
Tatran
_a
Bratislava
_c
1984
020
_c
26
041
_a
slo
044
_a
xo
_c
SK
999
_c
11932
_d
11932